| 000 | 00730nam a2200229 i 4500 | ||
|---|---|---|---|
| 001 | 164664 | ||
| 003 | ES-MaACL | ||
| 005 | 20250714080907.0 | ||
| 008 | 050803s1861 fr | |||||||| ||fre d | ||
| 040 |
_aCAM _bspa _cCAM |
||
| 100 | 1 |
_aSand, George, _d1804-1876 _9103060 |
|
| 245 | 1 | 0 |
_aIsidoro / _cpar George Sand. |
| 250 | _aNouvelle éd. | ||
| 260 |
_aParis : _bMichel Lévy frères libraires-éditeurs, _c1861 ( _fImprim. de L. Toinon et Cie) |
||
| 300 |
_a286 p. ; _c18 cm. |
||
| 490 | 1 | _aCollection Michel Lévy | |
| 490 | 1 | _aOeuvres de George Sand | |
| 830 | 0 | 0 |
_aCollection Michel Lévy _9182425 |
| 830 | 0 |
_aOeuvres de George Sand _9188465 |
|
| 852 |
_aES-MaACL _jG-14524 _z-- Enc. hol. |
||
| 999 |
_c164664 _d164664 |
||